=LDR 00000nam 2200000 4500 =001 INLIS000000000054367 =990 ##$$a 61900845 =990 ##$$a 61900846 =990 ##$$a 61900844 =990 ##$$a 61900847 =005 20200123072454 =990 ##$$a 61900847 =990 ##$$a 61900846 =990 ##$$a 61900847 =990 ##$$a 61900847 =035 ##$$a 0010-0120000145 =990 ##$$a 61900846 =990 ##$$a 61900845 =990 ##$$a 61900845 =990 ##$$a 61900846 =007 ta =990 ##$$a 61900845 =990 ##$$a 61900844 =990 ##$$a 61900844 =990 ##$$a 61900844 =008 200123###########################0#ind## =020 ##$$a 978-602-0935-52-2 =082 ##$$a 297.112 =084 ##$$a 297.112 FER y =100 #$$a Ferid Wajdi Nakib =245 1#$$a Yuk menghafal al-quran dengan mudah dan menyenangkan /$c Ferid Wajdi Nakib =260 ##$$a Jakarta :$b Emir,$c 2017 =300 ##$$a xxxii,238 hlm ; $c 20 Cm. =600 #4$$a Ulamal qur'an =990 ##$$a 05940594 =990 ##$$a 05940594 =990 ##$$a 05940594 =990 ##$$a 05940594 =990 ##$$a 61900844 =990 ##$$a 6202000594 =990 ##$$a 6202000595 =990 ##$$a 6202000596 =990 ##$$a 61900845 =990 ##$$a 6202000594 =990 ##$$a 6202000595 =990 ##$$a 61900844 =990 ##$$a 61900844 =990 ##$$a 6202000594 =990 ##$$a 6202000595 =990 ##$$a 61900845 =990 ##$$a 61900845 =990 ##$$a 6202000594 =990 ##$$a 6202000595 =990 ##$$a 61900844 =990 ##$$a 61900846 =990 ##$$a 6202000594 =990 ##$$a 61900845 =990 ##$$a 61900844 =990 ##$$a 61900847 =990 ##$$a 61900846 =990 ##$$a 61900845 =990 ##$$a 61900844